000 00525nam a2200193Ia 4500
003 GCL
008 140319s9999 xx 000 0 eng d
040 _aGCL /
_cGCL
082 0 4 _a820.9
_bG A
100 1 _aCOTTESMAN, RONALD
245 1 0 _aART AND ERROR: MODERN TEXTUAL EDITING /
_cCOTTESMAN, RONALD
700 1 _aBENNETT, SCOTT
260 _a[S.N] :
_bMETHUEN AND CO L T D ،
_c1970
300 _a306 P
650 0 4 _aENGLISH LITERATURE
650 0 4 _aSHAKESPEARE, WILLIAM
650 0 4 _aENGLISH DRAMA
942 _2ddc
_cBK
999 _c25600
_d25600